[Event "Campeonato Navarro Absoluto Individual Fase Final"]
[Site "Residencia Fuerte del Príncipe"]
[Date "2016.03.12"]
[Round "2"]
[Board "4"]
[White "Lizuain Toni, Javier"]
[Black "Leranoz Zabalza, Adrian"]
[Result "0-1"]
[WhiteElo "1840"]
[BlackElo "2066"]
[PlyCount "102"]
[EventDate "2016.03.05"]
[EventRounds "8"]
[EventCountry "ESP"]

1. e4 e6 2. d4 c5 3. Nf3 cxd4 4. Nxd4 Nf6 5. Nc3 Qc7 6. a3 a6 7. Be2 Be7 8. O-O
O-O 9. Kh1 b5 10. f4 Bb7 11. e5 Ne4 12. Nxe4 Bxe4 13. Bf3 Bxf3 14. Qxf3 Nc6 15.
c3 Rac8 16. Be3 Na5 17. Rad1 g6 18. f5 Qxe5 19. Bh6 Bd6 20. g3 gxf5 21. Bf4 Qe4
22. Bxd6 Rfe8 23. Qxe4 fxe4 24. Rf4 f5 25. Nc2 Nc4 26. g4 Rc6 27. Bb4 a5 28.
Nd4 axb4 29. Nxc6 dxc6 30. gxf5 exf5 31. Rxf5 bxc3 32. bxc3 e3 33. Kg1 Nxa3 34.
Rg5+ Kf7 35. Rg2 Nc4 36. Kf1 e2+ 37. Rxe2 Ne3+ 38. Rxe3 Rxe3 39. Rd7+ Ke6 40.
Rxh7 Rxc3 41. Ke2 Kd5 42. Kd2 b4 43. Rg7 Kc4 44. Rg4+ Kb5 45. h4 c5 46. h5 Rh3
47. Kc2 Rxh5 48. Rg8 Rh2+ 49. Kb1 c4 50. Rb8+ Ka4 51. Ra8+ Kb3 0-1

[Event "Campeonato Navarro Absoluto Individual Fase Final"]
[Site "Residencia Fuerte del Príncipe"]
[Date "2016.03.12"]
[Round "2"]
[Board "5"]
[White "Vinal Gutierrez, Pedro"]
[Black "Alfonso Abrego, Santiago"]
[Result "0-1"]
[WhiteElo "2049"]
[BlackElo "1797"]
[PlyCount "62"]
[EventDate "2016.03.05"]
[EventRounds "8"]
[EventCountry "ESP"]

1. Nf3 d5 2. d4 Nf6 3. Bf4 Nc6 4. e3 e6 5. Nbd2 Bd6 6. Ne5 Ne7 7. Bd3 Ng6 8.
Qf3 Nxf4 9. exf4 c5 10. dxc5 Bxc5 11. O-O Bd7 12. Rfe1 O-O 13. Nb3 Bd6 14. Qh3
Rc8 15. Rad1 Ba4 16. Nd4 Bc5 17. Ndf3 h6 18. b3 Be8 19. g4 Qb6 20. Re2 Ne4 21.
Bxe4 dxe4 22. Nc4 exf3 23. Nxb6 fxe2 24. Re1 Bxb6 25. Rxe2 Rd8 26. g5 Rd1+ 27.
Kg2 Bc6+ 28. Kg3 Rg1+ 29. Kh4 f5 30. Qd3 hxg5+ 31. fxg5 Rg4+ 0-1

[Event "Campeonato Navarro Absoluto Individual Fase Final"]
[Site "Residencia Fuerte del Príncipe"]
[Date "2016.03.12"]
[Round "2"]
[Board "6"]
[White "Laseca Arana, Irati"]
[Black "Ortin Blanco, Inigo"]
[Result "1-0"]
[WhiteElo "1700"]
[BlackElo "2047"]
[PlyCount "63"]
[EventDate "2016.03.05"]
[EventRounds "8"]
[EventCountry "ESP"]

1. e4 e5 2. Nf3 Nc6 3. Bb5 a6 4. Ba4 Nf6 5. O-O Nxe4 6. d4 b5 7. Bb3 d5 8. dxe5
Be6 9. Qe2 Be7 10. Rd1 Na5 11. Nbd2 Nc5 12. Nd4 Ncxb3 13. axb3 Nb7 14. Rxa6 O-O
15. Nc6 Qd7 16. Nxe7+ Qxe7 17. Rxa8 Rxa8 18. Qxb5 c6 19. Qe2 Ra1 20. h3 Bf5 21.
Nf3 Be4 22. Bf4 Ra2 23. c3 Bxf3 24. gxf3 Nc5 25. Kh2 Nxb3 26. Rg1 Qh4 27. Rg4
Qe7 28. Bg5 Qc7 29. Bf6 g6 30. Qe3 Kf8 31. Qh6+ Ke8 32. Qxh7 1-0

[Event "Campeonato Navarro Absoluto Individual Fase Final"]
[Site "Residencia Fuerte del Príncipe"]
[Date "2016.03.12"]
[Round "2"]
[Board "7"]
[White "Ortin Blanco, Ainhoa"]
[Black "Huarte Zozaya, Aitor"]
[Result "0-1"]
[WhiteElo "2010"]
[BlackElo "1692"]
[PlyCount "60"]
[EventDate "2016.03.05"]
[EventRounds "8"]
[EventCountry "ESP"]

1. d4 Nf6 2. c4 c5 3. d5 b5 4. Qc2 bxc4 5. e4 d6 6. Bxc4 g6 7. Nf3 Bg7 8. Nc3
O-O 9. O-O Ba6 10. Bxa6 Nxa6 11. Bg5 Nd7 12. Bf4 Qa5 13. Rfe1 Rfb8 14. e5 Qb4
15. Qa4 Qxa4 16. Nxa4 Rb4 17. exd6 exd6 18. Bxd6 Rxa4 19. Re7 Nf6 20. Rae1 Bf8
21. Bg3 Bxe7 22. Rxe7 Nxd5 23. Rd7 Rxa2 24. h4 Nf6 25. Rb7 Ng4 26. Kh1 Ra1+ 27.
Ng1 Rd8 28. f3 Rxg1+ 29. Kxg1 Rd1+ 30. Be1 Rxe1# 0-1

[Event "Campeonato Navarro Absoluto Individual Fase Final"]
[Site "Residencia Fuerte del Príncipe"]
[Date "2016.03.12"]
[Round "2"]
[Board "8"]
[White "Cemborain Oricain, Alfonso"]
[Black "Monroy Ostivar, Alejandro"]
[Result "1-0"]
[WhiteElo "1951"]
[BlackElo "1412"]
[PlyCount "63"]
[EventDate "2016.03.05"]
[EventRounds "8"]
[EventCountry "ESP"]

1. e4 e5 2. Nf3 Nc6 3. d4 exd4 4. Nxd4 Qh4 5. Nb5 Bc5 6. Qe2 Bb6 7. Be3 Qd8 8.
N1c3 a6 9. Bxb6 axb5 10. Be3 b4 11. Nd5 d6 12. Qd2 Nge7 13. Nxb4 O-O 14. Nxc6
Nxc6 15. Bd3 Ne5 16. O-O Nxd3 17. cxd3 Be6 18. a3 d5 19. Qb4 b6 20. exd5 Bxd5
21. Qc3 Qd6 22. Kh1 Rfe8 23. Rg1 Re6 24. Bd4 Rh6 25. Be5 Qe7 26. Qxc7 Qg5 27.
Bf4 Rc6 28. Qxc6 Qxg2+ 29. Rxg2 Bxc6 30. Kg1 Bxg2 31. Kxg2 h6 32. Rc1 1-0

[Event "Campeonato Navarro Absoluto Individual Fase Final"]
[Site "Residencia Fuerte del Príncipe"]
[Date "2016.03.12"]
[Round "2"]
[Board "9"]
[White "Marin Salvador, Ruben"]
[Black "Sola Plaza, Gregorio"]
[Result "1/2-1/2"]
[WhiteElo "1692"]
[BlackElo "1945"]
[PlyCount "40"]
[EventDate "2016.03.05"]
[EventRounds "8"]
[EventCountry "ESP"]

1. c4 e5 2. Nc3 Nc6 3. g3 Bc5 4. e3 a6 5. Bg2 d6 6. a3 Bf5 7. d3 Nf6 8. Nge2
Ba7 9. O-O Qd7 10. b4 Bh3 11. Re1 Bxg2 12. Kxg2 O-O 13. d4 e4 14. Bb2 Rae8 15.
Qc2 Qf5 16. Rad1 Nd8 17. Ng1 Ne6 18. c5 d5 19. Bc1 b6 20. Qe2 Bb8 1/2-1/2

[Event "Campeonato Navarro Absoluto Individual Fase Final"]
[Site "Residencia Fuerte del Príncipe"]
[Date "2016.03.12"]
[Round "2"]
[Board "10"]
[White "Jimenez Almeida, Luis David"]
[Black "Barberia Fernandez, Inaki"]
[Result "1-0"]
[WhiteElo "2179"]
[BlackElo "1865"]
[PlyCount "59"]
[EventDate "2016.03.05"]
[EventRounds "8"]
[EventCountry "ESP"]

1. d4 Nf6 2. c4 e6 3. g3 d5 4. Bg2 Bd6 5. Nf3 c6 6. Nbd2 Nbd7 7. Qc2 O-O 8. O-O
Re8 9. Rd1 Rb8 10. e4 dxe4 11. Nxe4 Nxe4 12. Qxe4 Nf6 13. Qe2 h6 14. b3 Qa5 15.
c5 Bf8 16. Ne5 Bd7 17. Qf3 Be7 18. h4 Qd8 19. Bf4 Rc8 20. Rac1 Rf8 21. Bf1 Be8
22. Bd3 h5 23. Bb1 Kh8 24. Nc4 Qd5 25. Qe2 Rd8 26. Be5 Ng4 27. Bd6 Bxd6 28. Be4
Bxg3 29. Bxd5 Bxf2+ 30. Kg2 1-0

[Event "Campeonato Navarro Absoluto Individual Fase Final"]
[Site "Residencia Fuerte del Príncipe"]
[Date "2016.03.12"]
[Round "2"]
[Board "11"]
[White "Sevilla Subiza, Javier"]
[Black "Rodriguez Montes, Sostenes"]
[Result "1-0"]
[WhiteElo "2058"]
[BlackElo "1815"]
[PlyCount "63"]
[EventDate "2016.03.05"]
[EventRounds "8"]
[EventCountry "ESP"]

1. d4 d5 2. c4 dxc4 3. e3 Nf6 4. Bxc4 e6 5. Nf3 c5 6. O-O cxd4 7. exd4 Bd6 8.
Bg5 Qc7 9. Bb5+ Bd7 10. Nc3 a6 11. Bd3 Ng4 12. h3 h6 13. Bd2 Nf6 14. Rc1 Qd8
15. Re1 O-O 16. Qb3 Bc6 17. Ne4 Be7 18. Bf4 Bd5 19. Qa4 Nc6 20. Ne5 b5 21. Nxc6
Bxc6 22. Qd1 Rc8 23. Be5 Qd5 24. Nxf6+ Bxf6 25. Be4 Qd7 26. Rxc6 Rxc6 27. Bxf6
gxf6 28. Qg4+ Kh8 29. Qf3 Rc4 30. Qxf6+ Kg8 31. Re3 Rfc8 32. Qxh6 1-0

[Event "Campeonato Navarro Absoluto Individual Fase Final"]
[Site "Residencia Fuerte del Príncipe"]
[Date "2016.03.12"]
[Round "2"]
[Board "12"]
[White "Anguas Fanlo, Sergio"]
[Black "Zuniga Arraras, Marina"]
[Result "1-0"]
[WhiteElo "2027"]
[BlackElo "1780"]
[PlyCount "85"]
[EventDate "2016.03.05"]
[EventRounds "8"]
[EventCountry "ESP"]

1. Nf3 Nf6 2. d4 d6 3. Bg5 Nbd7 4. e3 h6 5. Bh4 g5 6. Bg3 Ne4 7. Bd3 Nxg3 8.
hxg3 Bg7 9. Bc4 e5 10. dxe5 Nxe5 11. Nxe5 Bxe5 12. c3 Qe7 13. Nd2 Bd7 14. Qb3
Bc6 15. e4 f5 16. O-O-O fxe4 17. Rde1 O-O-O 18. Bd5 Bxd5 19. Qxd5 Rdf8 20. Nxe4
Qg7 21. a4 a6 22. Nc5 dxc5 23. Rxe5 Rxf2 24. Qxc5 Qf7 25. Rhe1 Rf1 26. Qa7
Rxe1+ 27. Rxe1 Re8 28. Rxe8+ Qxe8 29. Qa8+ Kd7 30. Qxb7 Qe3+ 31. Kc2 Qxg3 32.
Qd5+ Qd6 33. Qf3 Ke6 34. b4 Qd5 35. Qg4+ Qf5+ 36. Qxf5+ Kxf5 37. b5 axb5 38. a5
Kg4 39. a6 Kg3 40. a7 Kxg2 41. a8=Q+ Kg3 42. Qc6 Kh2 43. Qxb5 1-0

[Event "Campeonato Navarro Absoluto Individual Fase Final"]
[Site "Residencia Fuerte del Príncipe"]
[Date "2016.03.12"]
[Round "2"]
[Board "13"]
[White "Aguinaga Ruiz, Jesus Luis"]
[Black "Otano Villanueva, Joseba"]
[Result "1-0"]
[WhiteElo "1944"]
[BlackElo "1707"]
[PlyCount "85"]
[EventDate "2016.03.05"]
[EventRounds "8"]
[EventCountry "ESP"]

1. d4 Nf6 2. Bf4 g6 3. e3 Bg7 4. Be2 O-O 5. Nf3 d6 6. c4 c5 7. Nc3 Nbd7 8. O-O
Nh5 9. Bg5 h6 10. Bh4 Bf6 11. Bxf6 Nhxf6 12. Qd2 Kg7 13. Rad1 b6 14. e4 cxd4
15. Qxd4 Bb7 16. Nd2 Qc7 17. b4 Ne5 18. f4 Nc6 19. Qe3 Nxb4 20. e5 dxe5 21.
fxe5 Nh7 22. Nb3 Ng5 23. Nd5 Nxd5 24. cxd5 Rad8 25. h4 Nh7 26. Bf3 Ba6 27. Rfe1
Qc4 28. Rd4 Qc8 29. Rc1 Qb8 30. Rd2 Rc8 31. Re1 Rfe8 32. Nd4 Bb7 33. h5 Ng5 34.
hxg6 fxg6 35. Ne6+ Nxe6 36. dxe6 Bxf3 37. Qxf3 Rf8 38. Qa3 Rc7 39. Rd7 Re8 40.
Rf1 b5 41. Rf7+ Kg8 42. Qe3 g5 43. Qe4 1-0

[Event "Campeonato Navarro Absoluto Individual Fase Final"]
[Site "Residencia Fuerte del Príncipe"]
[Date "2016.03.12"]
[Round "2"]
[Board "14"]
[White "Gonzalez Pabollet, Jesus Maria S"]
[Black "Ortega Villa, Alex"]
[Result "1-0"]
[WhiteElo "1887"]
[BlackElo "1639"]
[PlyCount "57"]
[EventDate "2016.03.05"]
[EventRounds "8"]
[EventCountry "ESP"]

1. e4 c5 2. Nf3 e6 3. Nc3 Nc6 4. Be2 a6 5. O-O Qc7 6. Re1 Nf6 7. Bf1 h5 8. g3
d6 9. d3 b5 10. Bg2 b4 11. Nb1 e5 12. c3 a5 13. d4 Bg4 14. d5 Na7 15. Qa4+ Bd7
16. Qc2 Nc8 17. Bg5 Ne7 18. Nbd2 Ng6 19. Nc4 Bb5 20. Ne3 Qb6 21. Nf5 Qa6 22.
Bf1 Bxf1 23. Rxf1 a4 24. cxb4 cxb4 25. Rac1 Ne7 26. Bxf6 gxf6 27. N3h4 Rc8 28.
Qd2 Qb7 29. Nxd6+ 1-0

[Event "Campeonato Navarro Absoluto Individual Fase Final"]
[Site "Residencia Fuerte del Príncipe"]
[Date "2016.03.12"]
[Round "2"]
[Board "15"]
[White "Malon Insausti, Andres"]
[Black "Cinza Lopez, Javier"]
[Result "1-0"]
[WhiteElo "1566"]
[BlackElo "1980"]
[PlyCount "82"]
[EventDate "2016.03.05"]
[EventRounds "8"]
[EventCountry "ESP"]

1. e4 g6 2. Nf3 Bg7 3. d3 d6 4. g3 c5 5. Bg2 Nc6 6. c3 e6 7. O-O Nge7 8. Nbd2
O-O 9. Re1 b5 10. Nf1 b4 11. d4 bxc3 12. bxc3 cxd4 13. cxd4 d5 14. e5 Ba6 15.
Ne3 Rb8 16. Ng4 Nf5 17. Bg5 Qb6 18. Nf6+ Bxf6 19. Bxf6 Ncxd4 20. g4 Nxf3+ 21.
Qxf3 Ng7 22. Qf4 Qb2 23. h4 Qb4 24. Qg5 Ne8 25. Be7 Qd4 26. Rad1 Qb2 27. h5 Rb7
28. Rb1 Qxb1 29. Rxb1 Rxb1+ 30. Kh2 Rb2 31. Qe3 Rc2 32. Qa3 f6 33. Bxf8 fxe5
34. Bh6 Rxf2 35. Qxa6 Ng7 36. Qxa7 Rf7 37. Qb8+ Rf8 38. Qxe5 Rf7 39. Bxg7 Rxg7
40. Qxe6+ Kf8 41. Bxd5 gxh5 1-0

[Event "Campeonato Navarro Absoluto Individual Fase Final"]
[Site "Residencia Fuerte del Príncipe"]
[Date "2016.03.12"]
[Round "2"]
[Board "16"]
[White "Argaya Urdaniz, Miguel"]
[Black "Garisoain Ardanaz, Alvaro"]
[Result "1-0"]
[WhiteElo "1976"]
[BlackElo "1739"]
[PlyCount "73"]
[EventDate "2016.03.05"]
[EventRounds "8"]
[EventCountry "ESP"]

1. e4 d6 2. d4 Nf6 3. Nc3 Nbd7 4. f4 e5 5. dxe5 dxe5 6. f5 Bb4 7. Bg5 b6 8. Bb5
O-O 9. Bxd7 Qxd7 10. Bxf6 Qxd1+ 11. Rxd1 gxf6 12. Nge2 Ba6 13. Kf2 c6 14. Rd7
b5 15. Rhd1 Bc5+ 16. Kf3 Bb6 17. Ng3 b4 18. Nce2 Bxe2+ 19. Kxe2 Bd4 20. c3 bxc3
21. bxc3 Bxc3 22. Rc1 Bd4 23. Rxc6 Rab8 24. Rc2 Rfd8 25. Rxd8+ Rxd8 26. Nh5 Rb8
27. Kd3 a5 28. Rc6 Rd8 29. Kc4 Ra8 30. Kb5 a4 31. Ra6 Rxa6 32. Kxa6 a3 33. Kb5
Kf8 34. Nxf6 h6 35. Kc6 Bc3 36. Kd5 Kg7 37. Nd7 1-0

[Event "Campeonato Navarro Absoluto Individual Fase Final"]
[Site "Residencia Fuerte del Príncipe"]
[Date "2016.03.12"]
[Round "2"]
[Board "17"]
[White "Alfaro Pinero, Asier"]
[Black "Roviralta Montero, Axel"]
[Result "1-0"]
[WhiteElo "1708"]
[BlackElo "1952"]
[PlyCount "33"]
[EventDate "2016.03.05"]
[EventRounds "8"]
[EventCountry "ESP"]

1. d4 e6 2. c4 b6 3. e4 Bb7 4. Nc3 Bb4 5. Bd3 f5 6. f3 fxe4 7. fxe4 Bxc3+ 8.
bxc3 Bxe4 9. Qh5+ g6 10. Qe5 Bxg2 11. Bg5 d6 12. Qg3 Bxh1 13. Bxd8 Kxd8 14. Nf3
Nd7 15. Ng5 Ke7 16. Qh3 Nf8 17. Qf1 1-0

[Event "Campeonato Navarro Absoluto Individual Fase Final"]
[Site "Residencia Fuerte del Príncipe"]
[Date "2016.03.12"]
[Round "2"]
[Board "18"]
[White "Guzman Villanueva, Bernardo"]
[Black "Ochoa Aldaz, Mikel"]
[Result "0-1"]
[WhiteElo "1800"]
[BlackElo "1704"]
[PlyCount "34"]
[EventDate "2016.03.05"]
[EventRounds "8"]
[EventCountry "ESP"]

1. d4 d5 2. c4 e6 3. e3 Nf6 4. Nf3 Be7 5. Bd3 O-O 6. O-O b6 7. Nc3 Bb7 8. a4 a5
9. cxd5 Nxd5 10. e4 Nb4 11. Re1 N8c6 12. Bc4 Bf6 13. d5 exd5 14. exd5 Ne7 15.
Ne4 Nexd5 16. Bxd5 Bxd5 17. Nxf6+ Qxf6 0-1

[Event "Campeonato Navarro Absoluto Individual Fase Final"]
[Site "Residencia Fuerte del Príncipe"]
[Date "2016.03.12"]
[Round "2"]
[Board "19"]
[White "Martinez Zazo, Jesus"]
[Black "Roldan Marques, Marta"]
[Result "0-1"]
[WhiteElo "1783"]
[BlackElo "1635"]
[PlyCount "120"]
[EventDate "2016.03.05"]
[EventRounds "8"]
[EventCountry "ESP"]

1. e4 e5 2. Nf3 Nc6 3. d4 exd4 4. Bc4 Nf6 5. O-O Nxe4 6. Re1 d5 7. Bxd5 Qxd5 8.
Nc3 Qa5 9. Nxe4 Be6 10. Neg5 O-O-O 11. Nxe6 fxe6 12. Rxe6 Bd6 13. Bg5 Rde8 14.
Qe2 Be5 15. Qc4 Bd6 16. Rae1 Ref8 17. Bh4 Qh5 18. Bg3 Bxg3 19. fxg3 Rd8 20. b4
Qd5 21. Qxd5 Rxd5 22. Re8+ Rxe8 23. Rxe8+ Rd8 24. Rxd8+ Kxd8 25. b5 d3 26. cxd3
Nb4 27. Nd4 Ke7 28. Kf2 Nxd3+ 29. Ke3 Nc5 30. g4 Kf6 31. h4 g6 32. g3 Ke5 33.
g5 Nd7 34. g4 Nc5 35. h5 Kd5 36. a3 Ne6 37. Nf3 c6 38. Nh4 gxh5 39. gxh5 Nxg5
40. bxc6 bxc6 41. Kf4 Ne6+ 42. Kf5 Ng7+ 43. Kg5 Nxh5 44. Kxh5 Ke4 45. Kg4 c5
46. Ng2 Kd3 47. Kf4 Kc3 48. Ke4 Kb3 49. Kd5 c4 50. Kd4 c3 51. Nf4 Kb2 52. Nd3+
Kc2 53. Ke3 h5 54. Ne1+ Kd1 55. Nd3 h4 56. a4 Kc2 57. Ne1+ Kb3 58. Kd3 h3 59.
Nf3 Kb2 60. a5 h2 0-1

[Event "Campeonato Navarro Absoluto Individual Fase Final"]
[Site "Residencia Fuerte del Príncipe"]
[Date "2016.03.12"]
[Round "2"]
[Board "20"]
[White "Martinez Bernardo, Aitor"]
[Black "Sancinena Arpide, Juan"]
[Result "0-1"]
[WhiteElo "1763"]
[BlackElo "1605"]
[PlyCount "104"]
[EventDate "2016.03.05"]
[EventRounds "8"]
[EventCountry "ESP"]

1. c4 e5 2. g3 Nf6 3. Bg2 d5 4. cxd5 Nxd5 5. Nc3 Nb6 6. d3 Be7 7. Nf3 Nc6 8.
O-O O-O 9. Rb1 Be6 10. a3 Nd5 11. Bd2 Qd7 12. b4 f6 13. Ne4 Rad8 14. Nc5 Bxc5
15. bxc5 b6 16. cxb6 cxb6 17. Qa4 Rc8 18. Rfc1 Rc7 19. Rb2 Rfc8 20. Qd1 Qd6 21.
a4 Ncb4 22. Rxc7 Rxc7 23. Bxb4 Nxb4 24. Nd2 Qd4 25. Rb1 Na2 26. Nf3 Qc5 27. Rb2
Qa3 28. Qd2 Rc1+ 29. Bf1 Bh3 30. Qxc1 Nxc1 31. Rc2 Bd7 32. Rc7 Bxa4 33. Rxa7 h6
34. Nh4 Qb4 35. Nf5 Bd1 36. Rxg7+ Kf8 37. Rg6 Nxe2+ 38. Kg2 Nd4 39. Rxf6+ Ke8
40. Ne3 Bf3+ 41. Kg1 Qb1 42. h4 Be2 43. Kg2 Bxf1+ 44. Nxf1 b5 45. Rb6 Qxd3 46.
Ne3 Qe4+ 47. Kg1 Nf3+ 48. Kf1 Qd3+ 49. Kg2 Ne1+ 50. Kg1 h5 51. Re6+ Kf7 52.
Rxe5 Nf3+ 0-1

[Event "Campeonato Navarro Absoluto Individual Fase Final"]
[Site "Residencia Fuerte del Príncipe"]
[Date "2016.03.12"]
[Round "2"]
[Board "21"]
[White "Fuertes Cirauqui, Pablo"]
[Black "Arana Oloron, Roberto"]
[Result "0-1"]
[WhiteElo "1305"]
[BlackElo "1743"]
[PlyCount "104"]
[EventDate "2016.03.05"]
[EventRounds "8"]
[EventCountry "ESP"]

1. e4 e5 2. Nc3 Nf6 3. f4 d6 4. Nf3 Bg4 5. h3 Bxf3 6. Qxf3 Be7 7. Bc4 Nc6 8.
Bb5 O-O 9. Bxc6 bxc6 10. O-O Nd7 11. d3 Rb8 12. Rb1 Bf6 13. Be3 exf4 14. Qxf4
c5 15. Na4 Be5 16. Qg4 c6 17. Bf4 Qe7 18. Bxe5 Nxe5 19. Qg3 d5 20. exd5 cxd5
21. Rbe1 f6 22. Qe3 d4 23. Qe4 Qd6 24. b3 Rbe8 25. Nb2 f5 26. Qf4 Qf6 27. Nc4
g5 28. Qf2 Ng6 29. Qf3 g4 30. hxg4 Rxe1 31. Rxe1 fxg4 32. Qxf6 Rxf6 33. Ne5 Re6
34. Nf3 Rxe1+ 35. Nxe1 Kf7 36. Kf2 Kf6 37. g3 Ne7 38. Ke2 h5 39. Kd2 Nf5 40. c3
Nxg3 41. cxd4 cxd4 42. Ng2 Kg5 43. Ke1 h4 44. Kf2 Nf5 45. Kg1 h3 46. Ne1 g3 47.
a4 Kg4 48. b4 h2+ 49. Kg2 Ne3+ 50. Kh1 Kh3 51. b5 Nd1 52. a5 Nf2# 0-1

[Event "Campeonato Navarro Absoluto Individual Fase Final"]
[Site "Residencia Fuerte del Príncipe"]
[Date "2016.03.12"]
[Round "2"]
[Board "22"]
[White "Zaratiegui Cardesa, Jose"]
[Black "Sola Garate, Roberto"]
[Result "1-0"]
[WhiteElo "1740"]
[BlackElo "1595"]
[PlyCount "61"]
[EventDate "2016.03.05"]
[EventRounds "8"]
[EventCountry "ESP"]

1. d4 Nf6 2. c4 e6 3. Nc3 Bb4 4. a3 Bxc3+ 5. bxc3 O-O 6. Bg5 d6 7. f3 h6 8. Bh4
Nbd7 9. e4 g5 10. Bf2 Kg7 11. Bd3 e5 12. Ne2 Re8 13. O-O Nf8 14. Ng3 Ng6 15.
Nf5+ Kh7 16. g3 Ne7 17. Qb3 Kg6 18. Rad1 Nxf5 19. exf5+ Kg7 20. Rfe1 exd4 21.
cxd4 Rxe1+ 22. Rxe1 c6 23. d5 c5 24. Qb2 a6 25. g4 Rb8 26. h4 Kg8 27. hxg5 hxg5
28. Bg3 Nh7 29. Qh2 Qa5 30. Re8+ Nf8 31. f6 1-0

[Event "Campeonato Navarro Absoluto Individual Fase Final"]
[Site "Residencia Fuerte del Príncipe"]
[Date "2016.03.26"]
[Round "3"]
[Board "1"]
[White "Ortega Lopez, Mikel"]
[Black "Cemborain Oricain, Alfonso"]
[Result "1-0"]
[WhiteElo "2332"]
[BlackElo "1951"]
[PlyCount "79"]
[EventDate "2016.03.05"]
[EventRounds "8"]
[EventCountry "ESP"]

1. e4 c6 2. Nc3 d5 3. Nf3 Bg4 4. h3 Bxf3 5. Qxf3 Nf6 6. d4 dxe4 7. Qe3 Nbd7 8.
Nxe4 Nxe4 9. Qxe4 Nf6 10. Qd3 Qc7 11. Be2 e6 12. O-O Bd6 13. c4 O-O 14. Bg5 Be7
15. Be3 Rad8 16. Qc3 Rd7 17. b4 Rfd8 18. Rab1 Bd6 19. Bf3 e5 20. Rfd1 e4 21.
Be2 b6 22. Qc2 Bf4 23. Qc1 Bxe3 24. Qxe3 Re7 25. Rb2 h6 26. Rbd2 Red7 27. a4 a6
28. d5 cxd5 29. cxd5 Rxd5 30. Rxd5 Rxd5 31. Rxd5 Nxd5 32. Qxe4 Qc1+ 33. Bf1 Qc6
34. Bd3 g6 35. Bxa6 Qxa4 36. Bc4 Qa1+ 37. Kh2 Nxb4 38. Qxg6+ Qg7 39. Qxb6 Qe5+
40. g3 1-0

[Event "Campeonato Navarro Absoluto Individual Fase Final"]
[Site "Residencia Fuerte del Príncipe"]
[Date "2016.03.26"]
[Round "3"]
[Board "2"]
[White "Roldan Marques, Daniel"]
[Black "Alfonso Abrego, Santiago"]
[Result "1-0"]
[WhiteElo "2168"]
[BlackElo "1797"]
[PlyCount "67"]
[EventDate "2016.03.05"]
[EventRounds "8"]
[EventCountry "ESP"]

1. d4 e6 2. c4 d5 3. g3 Nf6 4. Bg2 c6 5. Nc3 Nbd7 6. Bf4 dxc4 7. e4 Qa5 8. Nf3
Nxe4 9. Qc2 Nxc3 10. bxc3 Nf6 11. Ne5 Nd5 12. Bd2 Qa6 13. O-O f6 14. Nf3 Bd7
15. Rfe1 O-O-O 16. Bf1 Bd6 17. a4 g5 18. a5 h5 19. Reb1 h4 20. Ra4 c5 21. Rxc4
Qc6 22. dxc5 Bb8 23. Nd4 Qc7 24. c6 Bxc6 25. Rxc6 bxc6 26. Ba6+ Kd7 27. Rb7
hxg3 28. hxg3 Rh6 29. Rxc7+ Bxc7 30. Qe4 f5 31. Qf3 g4 32. Qg2 Rh3 33. Bb7 Bxa5
34. Nxc6 1-0

[Event "Campeonato Navarro Absoluto Individual Fase Final"]
[Site "Residencia Fuerte del Príncipe"]
[Date "2016.03.26"]
[Round "3"]
[Board "3"]
[White "Leranoz Zabalza, Adrian"]
[Black "Huarte Zozaya, Aitor"]
[Result "1-0"]
[WhiteElo "2066"]
[BlackElo "1692"]
[PlyCount "61"]
[EventDate "2016.03.05"]
[EventRounds "8"]
[EventCountry "ESP"]

1. b3 d5 2. Bb2 c5 3. f4 Nc6 4. Nf3 Bf5 5. e3 Nf6 6. Be2 e6 7. O-O Be7 8. h3
Ne4 9. g4 Bg6 10. Bb5 h5 11. Ne5 Rc8 12. d3 Ng3 13. Rf3 h4 14. Nxg6 fxg6 15.
Bxc6+ Rxc6 16. Bxg7 Rg8 17. Be5 Bf6 18. Bxf6 Qxf6 19. Nd2 Ra6 20. Nf1 Ne2+ 21.
Kh1 Nc3 22. Qe1 Nxa2 23. e4 dxe4 24. dxe4 e5 25. g5 Qh8 26. Rd1 exf4 27. Rfd3
Nb4 28. Rd8+ Ke7 29. R8d7+ Ke8 30. Qd2 Nc6 31. Rd8+ 1-0

[Event "Campeonato Navarro Absoluto Individual Fase Final"]
[Site "Residencia Fuerte del Príncipe"]
[Date "2016.03.26"]
[Round "3"]
[Board "4"]
[White "Jimenez Almeida, Luis David"]
[Black "Gonzalez Pabollet, Jesus Maria S"]
[Result "1-0"]
[WhiteElo "2179"]
[BlackElo "1887"]
[PlyCount "59"]
[EventDate "2016.03.05"]
[EventRounds "8"]
[EventCountry "ESP"]

1. e4 c5 2. Nf3 e6 3. d4 cxd4 4. Nxd4 a6 5. Nc3 Qc7 6. Bd3 Bb4 7. Bd2 Nc6 8.
Nb3 Nf6 9. O-O h5 10. Qe2 Ng4 11. f4 Qb6+ 12. Kh1 Be7 13. Rac1 Nb4 14. e5 d5
15. exd6 Nxd3 16. Qxd3 Qxd6 17. Qe2 Bh4 18. Rcd1 O-O 19. Ne4 Qb6 20. Rf3 Rd8
21. Rdf1 Rd5 22. c4 Rf5 23. Rh3 Be7 24. Ng3 Rf6 25. Nxh5 Rg6 26. f5 exf5 27.
Qxe7 Nf2+ 28. Rxf2 Be6 29. Qh4 Rg4 30. Nf6+ 1-0

[Event "Campeonato Navarro Absoluto Individual Fase Final"]
[Site "Residencia Fuerte del Príncipe"]
[Date "2016.03.26"]
[Round "3"]
[Board "5"]
[White "Sola Plaza, Gregorio"]
[Black "Sevilla Subiza, Javier"]
[Result "0-1"]
[WhiteElo "1945"]
[BlackElo "2058"]
[PlyCount "82"]
[EventDate "2016.03.05"]
[EventRounds "8"]
[EventCountry "ESP"]

1. d4 g6 2. c4 Bg7 3. e4 d6 4. Nc3 Nf6 5. Be2 O-O 6. Be3 e5 7. d5 c6 8. g4 cxd5
9. cxd5 Qa5 10. f3 h5 11. Nh3 b5 12. Nf2 Bd7 13. a3 Rc8 14. Qd2 b4 15. Na2 Qa4
16. Qxb4 Qxb4+ 17. Nxb4 a5 18. Nbd3 Na6 19. Kd2 Nc7 20. Rhc1 Nb5 21. Rxc8+ Rxc8
22. Rc1 Rb8 23. h3 hxg4 24. hxg4 Ne8 25. Bd1 Nd4 26. b4 axb4 27. axb4 Ra8 28.
Rb1 Nc7 29. Bxd4 exd4 30. g5 f6 31. f4 fxg5 32. fxg5 Nb5 33. Rb2 Nc3 34. Bb3
Bb5 35. Bd1 Bd7 36. Bb3 Bb5 37. Bd1 Re8 38. Bf3 Bd7 39. Rc2 Rf8 40. Ne1 Be5 41.
Kc1 Ba4 0-1

[Event "Campeonato Navarro Absoluto Individual Fase Final"]
[Site "Residencia Fuerte del Príncipe"]
[Date "2016.03.26"]
[Round "3"]
[Board "7"]
[White "Urriza Iricibar, Pablo"]
[Black "Marin Salvador, Ruben"]
[Result "1-0"]
[WhiteElo "2149"]
[BlackElo "1692"]
[PlyCount "33"]
[EventDate "2016.03.05"]
[EventRounds "8"]
[EventCountry "ESP"]

1. e4 e6 2. d4 d5 3. exd5 exd5 4. Nc3 c6 5. Bd3 Bd6 6. Nge2 Ne7 7. Bg5 Qc7 8.
Qd2 Bg4 9. f3 Bh5 10. O-O-O f6 11. Bf4 Nd7 12. Rde1 O-O-O 13. Bxd6 Qxd6 14. Qf4
Kc7 15. Qg3 Bg6 16. Nf4 Nf8 17. Rxe7+ 1-0